000 00498nam a22001697a 4500
005 20251128115636.0
008 251125b |||||||| |||| 00| 0 eng d
020 _a978-81-929042-4-5
041 _aeng
082 _a615.1 RAM-T
100 _aRAMALINGAM, DR. P AND REDDY, DR. Y. PADMANABHA
_98825
245 _aTEXT BOOK OF PHARMACEUTICAL ANALYSIS THEORETICAL ASPECTS [VOLUME - I ]
260 _aHYDERABAD
_bTAURUS PUBLISHERS
300 _a295;P
650 _aPHARMACY
_xB.PHARMA
942 _cBK
999 _c9007
_d9005